[Event "Titled Tuesday intern op 23rd Feb"]
[Site "Chess.com INT"]
[Date "2021.02.23"]
[Round "3"]
[White "Marquez Ruiz, Angel Jesus"]
[Black "Bendayan Claros, Aaron Arturo"]
[Result "1-0"]
[WhiteElo "2287"]
[BlackElo "2167"]
[PlyCount "115"]
[EventDate "2021.02.23"]
[EventType "swiss (blitz)"]
[EventRounds "11"]
[EventCountry "USA"]
[SourceTitle "CBM 200 Extra"]
[Source "ChessBase"]
[SourceDate "2021.03.31"]
[SourceVersion "1"]
[SourceVersionDate "2021.03.31"]
[SourceQuality "1"]

1. c4 e6 2. Nf3 d5 3. g3 Nf6 4. Bg2 Be7 5. 0-0 0-0 6. d4 dxc4 7. Qc2 a6 8. a4 Bd7 9. Bg5 Bc6 10. Nbd2 b5 11. Rfd1 h6 12. Bxf6 Bxf6 13. e3 Bb7 14. Ng5 Bxg5 15. Bxb7 Ra7 16. Bg2 c6 17. b3 cxb3 18. Nxb3 Be7 19. Rdc1 Qb6 20. a5 Qd8 21. h4 Rc7 22. h5 Nd7 23. Bxc6 Nb8 24. Qe4 Nxc6 25. Rxc6 Rxc6 26. Qxc6 Qa8 27. Rc1 Ba3 28. Rc2 Bb4 29. Kf1 Rd8 30. Ke2 Rf8 31. Kd3 Qd8 32. Qf3 Bxa5 33. Rc6 Bb4 34. Rxa6 Qg5 35. g4 Rc8 36. Ra8 Rxa8 37. Qxa8+ Kh7 38. Qe4+ f5 39. gxf5 exf5 40. Qf3 Qf6 41. Qf4 Bd6 42. Qf3 b4 43. Qd5 Be7 44. e4 f4 45. Qf5+ Qxf5 46. exf5 Kg8 47. Ke4 Bd6 48. Kd5 Bb8 49. Ke6 Kf8 50. f3 Ke8 51. d5 Bc7 52. d6 Bb6 53. d7+ Kf8 54. Nc5 Bd8 55. Nb7 b3 56. Nxd8 b2 57. Nc6 b1Q 58. d8Q# 1-0

[Event "Titled Tuesday intern op 23rd Feb"]
[Site "Chess.com INT"]
[Date "2021.02.23"]
[Round "6"]
[White "Marquez Ruiz, Angel Jesus"]
[Black "Kashlinskaya, Alina"]
[Result "1-0"]
[WhiteElo "2287"]
[BlackElo "2494"]
[PlyCount "95"]
[EventDate "2021.02.23"]
[EventType "swiss (blitz)"]
[EventRounds "11"]
[EventCountry "USA"]
[SourceTitle "CBM 200 Extra"]
[Source "ChessBase"]
[SourceDate "2021.03.31"]
[SourceVersion "1"]
[SourceVersionDate "2021.03.31"]
[SourceQuality "1"]

1. c4 Nf6 2. Nc3 g6 3. g3 Bg7 4. Bg2 c5 5. e4 d6 6. Nge2 Nc6 7. h3 0-0 8. 0-0 Rb8 9. d4 cxd4 10. Nxd4 a6 11. Be3 Bd7 12. Rc1 Qa5 13. Nb3 Qh5 14. c5 dxc5 15. Nxc5 Bg4 16. hxg4 Nxg4 17. Re1 Rfd8 18. Qe2 Nd4 19. Bxd4 Bxd4 20. Nd3 Qh2+ 21. Kf1 Qxg3 22. Nd5 e6 23. Rc4 Bxf2 24. Nxf2 Nh2+ 25. Kg1 exd5 26. Rc3 Qf4 27. Rh3 dxe4 28. Rxh2 Rd2 29. Qe3 Qxe3 30. Rxe3 Rxb2 31. Nxe4 Rxa2 32. Nf6+ Kg7 33. Ne8+ Kg8 34. Bd5 Ra1+ 35. Kf2 Rd8 36. Nf6+ Kg7 37. Ne8+ Kg8 38. Bxf7+ Kxf7 39. Rxh7+ Kf8 40. Rh8+ Kf7 41. Rh7+ Kf8 42. Nf6 Rd2+ 43. Kg3 Rg1+ 44. Kf4 Rf2+ 45. Ke5 Rg5+ 46. Ke6 Rxf6+ 47. Kxf6 Rf5+ 48. Kxg6 1-0

[Event "Titled Tuesday intern op 23rd Feb"]
[Site "Chess.com INT"]
[Date "2021.02.23"]
[Round "2"]
[White "Prilleltensky, Matan"]
[Black "Marquez Ruiz, Angel Jesus"]
[Result "1/2-1/2"]
[WhiteElo "2136"]
[BlackElo "2287"]
[PlyCount "178"]
[EventDate "2021.02.23"]
[EventType "swiss (blitz)"]
[EventRounds "11"]
[EventCountry "USA"]
[SourceTitle "CBM 200 Extra"]
[Source "ChessBase"]
[SourceDate "2021.03.31"]
[SourceVersion "1"]
[SourceVersionDate "2021.03.31"]
[SourceQuality "1"]

1. c4 Nf6 2. Nc3 g6 3. e4 d6 4. d4 Bg7 5. Nge2 0-0 6. f3 c5 7. d5 e6 8. Ng3 exd5 9. cxd5 Re8 10. Be2 a6 11. a4 h5 12. Bg5 Qb6 13. Qd2 Nh7 14. a5 Qb4 15. Bh6 Bxh6 16. Qxh6 Qxb2 17. Rc1 Nd7 18. 0-0 Qb4 19. f4 Qd4+ 20. Kh1 Qg7 21. Qxg7+ Kxg7 22. e5 h4 23. Nge4 dxe5 24. Nd6 Rd8 25. Nxf7 Kxf7 26. fxe5+ Ndf6 27. Ne4 Bf5 28. Nxf6 Nxf6 29. exf6 Kxf6 30. Rxc5 Rac8 31. Rfc1 Rxc5 32. Rxc5 Ke5 33. Bf3 h3 34. gxh3 Bxh3 35. Kg1 Kd4 36. Rc7 Rf8 37. Bg2 Bxg2 38. Kxg2 Rf5 39. d6 Rxa5 40. Rxb7 Rd5 41. d7 Ke5 42. Ra7 g5 43. Rxa6 Rxd7 44. Rg6 Kf5 45. Rg8 Rd2+ 46. Kg1 Kf4 47. Ra8 Rd3 48. Ra1 Kg4 49. Rb1 Kh3 50. Rc1 g4 51. Rb1 Rc3 52. Ra1 Rb3 53. Rc1 Rb2 54. Rd1 Rg2+ 55. Kh1 Rxh2+ 56. Kg1 Rb2 57. Rc1 g3 58. Ra1 Rh2 59. Rb1 Ra2 60. Rc1 Ra3 61. Rb1 Kg4 62. Rc1 Kf3 63. Rb1 Re3 64. Ra1 Re2 65. Rb1 Rg2+ 66. Kh1 Ra2 67. Kg1 Ra3 68. Rc1 Kg4 69. Rb1 Kh3 70. Rc1 Ra2 71. Rb1 Rg2+ 72. Kh1 Rc2 73. Kg1 Rc3 74. Ra1 g2 75. Rb1 Kg3 76. Ra1 Kf3 77. Rb1 Re3 78. Ra1 Rb3 79. Rc1 Kg3 80. Ra1 Rf3 81. Rb1 Kh3 82. Ra1 Rc3 83. Rb1 Rf3 84. Ra1 Rb3 85. Rc1 Kg3 86. Ra1 Kf3 87. Rc1 Ra3 88. Rb1 Rd3 89. Ra1 Rb3 1/2-1/2

[Event "Titled Tuesday intern op 23rd Feb"]
[Site "Chess.com INT"]
[Date "2021.02.23"]
[Round "4"]
[White "Wieczorek, Zbigniew"]
[Black "Marquez Ruiz, Angel Jesus"]
[Result "1-0"]
[WhiteElo "2185"]
[BlackElo "2287"]
[PlyCount "105"]
[EventDate "2021.02.23"]
[EventType "swiss (blitz)"]
[EventRounds "11"]
[EventCountry "USA"]
[SourceTitle "CBM 200 Extra"]
[Source "ChessBase"]
[SourceDate "2021.03.31"]
[SourceVersion "1"]
[SourceVersionDate "2021.03.31"]
[SourceQuality "1"]

1. Nf3 Nf6 2. g3 g6 3. c4 Bg7 4. Nc3 0-0 5. Bg2 c5 6. 0-0 Nc6 7. d4 cxd4 8. Nxd4 Nxd4 9. Qxd4 d6 10. b3 d5 11. cxd5 Nxd5 12. Qxd5 Bxc3 13. Rb1 Bf5 14. Qxd8 Raxd8 15. e4 Bg4 16. Be3 b6 17. f3 Be6 18. Rfd1 f6 19. Kf2 Kf7 20. Rbc1 Bb2 21. Rxd8 Rxd8 22. Rc7 a5 23. Bf1 b5 24. Bxb5 Rd1 25. Bc5 Rd2+ 26. Ke3 Bc1 27. Rxe7+ Kg8 28. Rxe6 Rd5+ 29. Ke2 Rxc5 30. Bc4 Kg7 31. Re7+ Kh8 32. Ra7 f5 33. Kd3 fxe4+ 34. Kxe4 Bb2 35. a4 Re5+ 36. Kf4 Rh5 37. h4 Be5+ 38. Kg4 Bd4 39. Ra8+ Kg7 40. f4 Bg1 41. Kf3 Rc5 42. g4 Kf6 43. g5+ Ke7 44. Ra7+ Kd6 45. Rxh7 Bh2 46. Rf7 Kc6 47. Rf6+ Kc7 48. Rxg6 Rf5 49. Rf6 Rc5 50. Kg4 Bg1 51. h5 Bd4 52. Rf7+ Kd6 53. h6 1-0